000 00879nas a2200253Ia 4500
001 R114/44704
003 IT-RoPAU
008 151124c99999999xx |||||||||||| ||und||
040 _aIT-RoPAU
040 _cIT-RoPAU
041 _aFRANCESE
100 _aLenduay Judit
_gCodice Aut. SPICS: 30702
210 _aDOSSIERS DE L'AUDIOVISUEL
222 _aDossiers De L'Audiovisuel
245 _aDOSSIERS DE L'AUDIOVISUEL, ANNO 01-N.002 (LUGLIO/AGOSTO 1985)
_bHongrie: A L'Est, Rien De Nouveau
250 _a1a ed.
260 _aPARIS
_bDOCUMENTATION FRANCAISE
_c1985
501 _bPaulus - SPICS - Società San Paolo EM (non-commercial uses only)
_cCopyright2015
300 _a2 p. [33-34]
362 _aANNO 001, N.002 (LUGLIO/AGOSTO 1985)
500 _aIn-Ungheria-E-All'Est-Niente-Di-Nuovo
650 _aCOMUNICAZIONE - AUDIOVISIVO
_vPUBBLICAZIONE PERIODICA
942 _cCR
999 _c108894
_d108894